<?xml version="1.0" encoding="UTF-8"?>
<collection xmlns="http://www.loc.gov/MARC21/slim">
<record>
  <controlfield tag="001">357186</controlfield>
  <controlfield tag="005">20250210102614.0</controlfield>
  <datafield tag="024" ind1="7" ind2=" ">
    <subfield code="a">urn:nbn:de:tuda-tuprints-286565</subfield>
    <subfield code="2">URN</subfield>
  </datafield>
  <datafield tag="024" ind1="7" ind2=" ">
    <subfield code="a">10.26083/tuprints-00028656</subfield>
    <subfield code="2">doi</subfield>
  </datafield>
  <datafield tag="024" ind1="7" ind2=" ">
    <subfield code="a">10.15120/GSI-2025-00330</subfield>
    <subfield code="2">datacite_doi</subfield>
  </datafield>
  <datafield tag="037" ind1=" " ind2=" ">
    <subfield code="a">GSI-2025-00330</subfield>
  </datafield>
  <datafield tag="041" ind1=" " ind2=" ">
    <subfield code="a">English</subfield>
  </datafield>
  <datafield tag="100" ind1="1" ind2=" ">
    <subfield code="a">Scheuren, Stefan</subfield>
    <subfield code="0">P:(DE-HGF)0</subfield>
    <subfield code="b">0</subfield>
    <subfield code="e">Corresponding author</subfield>
    <subfield code="g">male</subfield>
  </datafield>
  <datafield tag="245" ind1=" " ind2=" ">
    <subfield code="a">Comprehensive characterization of laser-driven neutron sources and a pathway towards miniaturization</subfield>
  </datafield>
  <datafield tag="260" ind1=" " ind2=" ">
    <subfield code="c">2024</subfield>
  </datafield>
  <datafield tag="300" ind1=" " ind2=" ">
    <subfield code="a">xii, 152 Seiten</subfield>
  </datafield>
  <datafield tag="336" ind1="7" ind2=" ">
    <subfield code="a">Output Types/Dissertation</subfield>
    <subfield code="2">DataCite</subfield>
  </datafield>
  <datafield tag="336" ind1="7" ind2=" ">
    <subfield code="a">DISSERTATION</subfield>
    <subfield code="2">ORCID</subfield>
  </datafield>
  <datafield tag="336" ind1="7" ind2=" ">
    <subfield code="a">PHDTHESIS</subfield>
    <subfield code="2">BibTeX</subfield>
  </datafield>
  <datafield tag="336" ind1="7" ind2=" ">
    <subfield code="a">Thesis</subfield>
    <subfield code="0">2</subfield>
    <subfield code="2">EndNote</subfield>
  </datafield>
  <datafield tag="336" ind1="7" ind2=" ">
    <subfield code="a">Dissertation / PhD Thesis</subfield>
    <subfield code="b">phd</subfield>
    <subfield code="m">phd</subfield>
    <subfield code="0">PUB:(DE-HGF)11</subfield>
    <subfield code="s">1739174109_410936</subfield>
    <subfield code="2">PUB:(DE-HGF)</subfield>
  </datafield>
  <datafield tag="336" ind1="7" ind2=" ">
    <subfield code="a">doctoralThesis</subfield>
    <subfield code="2">DRIVER</subfield>
  </datafield>
  <datafield tag="500" ind1=" " ind2=" ">
    <subfield code="a">CC BY 4.0 International - Creative Commons, Attribution.</subfield>
  </datafield>
  <datafield tag="502" ind1=" " ind2=" ">
    <subfield code="a">Dissertation, Technical University of Darmstadt, 2024</subfield>
    <subfield code="c">Technical University of Darmstadt</subfield>
    <subfield code="b">Dissertation</subfield>
    <subfield code="d">2024</subfield>
    <subfield code="o">2024-10-14</subfield>
  </datafield>
  <datafield tag="536" ind1=" " ind2=" ">
    <subfield code="a">632 - Materials – Quantum, Complex and Functional Materials (POF4-632)</subfield>
    <subfield code="0">G:(DE-HGF)POF4-632</subfield>
    <subfield code="c">POF4-632</subfield>
    <subfield code="f">POF IV</subfield>
    <subfield code="x">0</subfield>
  </datafield>
  <datafield tag="693" ind1=" " ind2=" ">
    <subfield code="a">PTA</subfield>
    <subfield code="e">P-21-00017: Combined laser-driven neutron and X-ray source for  non-destructive material identification (Station: PTA)</subfield>
    <subfield code="1">EXP:(DE-Ds200)PTA-20200803</subfield>
    <subfield code="0">EXP:(DE-Ds200)P-21-00017-20221208</subfield>
    <subfield code="5">EXP:(DE-Ds200)P-21-00017-20221208</subfield>
    <subfield code="x">0</subfield>
  </datafield>
  <datafield tag="693" ind1=" " ind2=" ">
    <subfield code="a">PTA</subfield>
    <subfield code="e">P208: Combined laser-driven neutron and X-ray source for non-destructive material analysis (POF3-6211; PTA)</subfield>
    <subfield code="1">EXP:(DE-Ds200)PTA-20200803</subfield>
    <subfield code="0">EXP:(DE-Ds200)P208-20200803</subfield>
    <subfield code="5">EXP:(DE-Ds200)P208-20200803</subfield>
    <subfield code="x">1</subfield>
  </datafield>
  <datafield tag="773" ind1=" " ind2=" ">
    <subfield code="a">10.26083/tuprints-00028656</subfield>
  </datafield>
  <datafield tag="856" ind1="4" ind2=" ">
    <subfield code="u">http://repository.gsi.de/record/357186/files/Einverstaendnis_Scheuren.pdf</subfield>
  </datafield>
  <datafield tag="856" ind1="4" ind2=" ">
    <subfield code="u">http://repository.gsi.de/record/357186/files/Dissertation_Scheuren.pdf</subfield>
    <subfield code="y">OpenAccess</subfield>
  </datafield>
  <datafield tag="856" ind1="4" ind2=" ">
    <subfield code="u">http://repository.gsi.de/record/357186/files/Einverstaendnis_Scheuren.pdf?subformat=pdfa</subfield>
    <subfield code="x">pdfa</subfield>
  </datafield>
  <datafield tag="856" ind1="4" ind2=" ">
    <subfield code="u">http://repository.gsi.de/record/357186/files/Dissertation_Scheuren.pdf?subformat=pdfa</subfield>
    <subfield code="x">pdfa</subfield>
    <subfield code="y">OpenAccess</subfield>
  </datafield>
  <datafield tag="909" ind1="C" ind2="O">
    <subfield code="o">oai:repository.gsi.de:357186</subfield>
    <subfield code="p">openaire</subfield>
    <subfield code="p">open_access</subfield>
    <subfield code="p">urn</subfield>
    <subfield code="p">driver</subfield>
    <subfield code="p">VDB</subfield>
    <subfield code="p">dnbdelivery</subfield>
  </datafield>
  <datafield tag="910" ind1="1" ind2=" ">
    <subfield code="a">TU Darmstadt</subfield>
    <subfield code="0">I:(DE-HGF)0</subfield>
    <subfield code="b">0</subfield>
    <subfield code="6">P:(DE-HGF)0</subfield>
  </datafield>
  <datafield tag="913" ind1="1" ind2=" ">
    <subfield code="a">DE-HGF</subfield>
    <subfield code="b">Forschungsbereich Materie</subfield>
    <subfield code="l">Von Materie zu Materialien und Leben</subfield>
    <subfield code="1">G:(DE-HGF)POF4-630</subfield>
    <subfield code="0">G:(DE-HGF)POF4-632</subfield>
    <subfield code="3">G:(DE-HGF)POF4</subfield>
    <subfield code="2">G:(DE-HGF)POF4-600</subfield>
    <subfield code="4">G:(DE-HGF)POF</subfield>
    <subfield code="v">Materials – Quantum, Complex and Functional Materials</subfield>
    <subfield code="x">0</subfield>
  </datafield>
  <datafield tag="914" ind1="1" ind2=" ">
    <subfield code="y">2024</subfield>
  </datafield>
  <datafield tag="915" ind1=" " ind2=" ">
    <subfield code="a">OpenAccess</subfield>
    <subfield code="0">StatID:(DE-HGF)0510</subfield>
    <subfield code="2">StatID</subfield>
  </datafield>
  <datafield tag="915" ind1=" " ind2=" ">
    <subfield code="a">Creative Commons Attribution CC BY 4.0</subfield>
    <subfield code="0">LIC:(DE-HGF)CCBY4</subfield>
    <subfield code="2">HGFVOC</subfield>
  </datafield>
  <datafield tag="920" ind1=" " ind2=" ">
    <subfield code="l">yes</subfield>
  </datafield>
  <datafield tag="920" ind1="1" ind2=" ">
    <subfield code="0">I:(DE-Ds200)PPH-20051214OR027</subfield>
    <subfield code="k">PPH</subfield>
    <subfield code="l">Plasmaphysik / PHELIX</subfield>
    <subfield code="x">0</subfield>
  </datafield>
  <datafield tag="980" ind1=" " ind2=" ">
    <subfield code="a">phd</subfield>
  </datafield>
  <datafield tag="980" ind1=" " ind2=" ">
    <subfield code="a">VDB</subfield>
  </datafield>
  <datafield tag="980" ind1=" " ind2=" ">
    <subfield code="a">I:(DE-Ds200)PPH-20051214OR027</subfield>
  </datafield>
  <datafield tag="980" ind1=" " ind2=" ">
    <subfield code="a">UNRESTRICTED</subfield>
  </datafield>
  <datafield tag="980" ind1="1" ind2=" ">
    <subfield code="a">FullTexts</subfield>
  </datafield>
</record>
</collection>